<?xml version="1.0" encoding="UTF-8"?>
<record
    xmlns:xsi="http://www.w3.org/2001/XMLSchema-instance"
    xsi:schemaLocation="http://www.loc.gov/MARC21/slim http://www.loc.gov/standards/marcxml/schema/MARC21slim.xsd"
    xmlns="http://www.loc.gov/MARC21/slim">

  <leader>00808nam a2200217Ia 4500</leader>
  <controlfield tag="001">15224</controlfield>
  <controlfield tag="003">GE_BSU</controlfield>
  <controlfield tag="008">181216s||||||||xx |||||||||||||| ||und||</controlfield>
  <datafield tag="040" ind1=" " ind2=" ">
    <subfield code="c">GE_BSU</subfield>
  </datafield>
  <datafield tag="080" ind1=" " ind2=" ">
    <subfield code="a">82-93</subfield>
  </datafield>
  <datafield tag="100" ind1=" " ind2=" ">
    <subfield code="a">&#x10E8;&#x10E3;&#x10D1;&#x10D8;&#x10D7;&#x10D8;&#x10EB;&#x10D4;,&#x10DB;&#x10D8;&#x10EE;&#x10D4;&#x10D8;&#x10DA;</subfield>
  </datafield>
  <datafield tag="245" ind1=" " ind2=" ">
    <subfield code="a">&#x201D;&#x10D9;&#x10D8;&#x10E0;&#x10E2;&#x10D8;&#x10D9;&#x10D0;,&#x10E2;&#x10E0;&#x10D0;&#x10E5;&#x10E2;&#x10DD;&#x10E0;&#x10D0; &#x10D3;&#x10D0; &#x10E5;&#x10DD;&#x10E1;&#x10D0;&#x10E2;&#x10E7;&#x10E3;&#x10D8;&#x10DA;&#x10D0; &#x10DB;&#x10D4;&#x10E4;&#x10D4;&#x201D;</subfield>
  </datafield>
  <datafield tag="245" ind1=" " ind2=" ">
    <subfield code="b">&#x10E1;&#x10D0;&#x10D1;&#x10D0;&#x10D5;&#x10E8;&#x10D5;&#x10DD; &#x10DB;&#x10DD;&#x10D7;&#x10EE;&#x10E0;&#x10DD;&#x10D1;&#x10D0;</subfield>
  </datafield>
  <datafield tag="245" ind1=" " ind2=" ">
    <subfield code="c">&#x10E0;&#x10D4;&#x10D3;.&#x10EF;.&#x10D7;&#x10D8;&#x10D7;&#x10DB;&#x10D4;&#x10E0;&#x10D8;&#x10D0;. &#x10DB;&#x10EE;&#x10D0;&#x10E2;&#x10D5;. &#x10D4;. &#x10D0;&#x10DB;&#x10D1;&#x10DD;&#x10D9;&#x10D0;&#x10EB;&#x10D4;</subfield>
  </datafield>
  <datafield tag="260" ind1=" " ind2=" ">
    <subfield code="a">&#x10D7;&#x10D1;&#x10D8;&#x10DA;&#x10D8;&#x10E1;&#x10D8;</subfield>
  </datafield>
  <datafield tag="260" ind1=" " ind2=" ">
    <subfield code="b">&#x10DB;&#x10D4;&#x10E0;&#x10D0;&#x10DC;&#x10D8;</subfield>
  </datafield>
  <datafield tag="260" ind1=" " ind2=" ">
    <subfield code="c">1992</subfield>
  </datafield>
  <datafield tag="300" ind1=" " ind2=" ">
    <subfield code="a">72&#x10D2;&#x10D5;.&#x10D8;&#x10DA;.20&#x10E1;&#x10DB;.</subfield>
  </datafield>
  <datafield tag="653" ind1=" " ind2=" ">
    <subfield code="a">&#x10D9;&#x10D8;&#x10E0;&#x10E2;&#x10D8;&#x10D9;&#x10D0;,&#x10E2;&#x10E0;&#x10D0;&#x10E5;&#x10E2;&#x10DD;&#x10E0;&#x10D0; &#x10D3;&#x10D0; &#x10E5;&#x10DD;&#x10E1;&#x10D0;&#x10E2;&#x10E7;&#x10E3;&#x10D8;&#x10DA;&#x10D0; &#x10DB;&#x10D4;&#x10E4;&#x10D4;</subfield>
  </datafield>
  <datafield tag="942" ind1=" " ind2=" ">
    <subfield code="c">BK</subfield>
  </datafield>
  <datafield tag="999" ind1=" " ind2=" ">
    <subfield code="c">48336</subfield>
    <subfield code="d">48336</subfield>
  </datafield>
  <datafield tag="952" ind1=" " ind2=" ">
    <subfield code="0">0</subfield>
    <subfield code="1">0</subfield>
    <subfield code="4">0</subfield>
    <subfield code="7">0</subfield>
    <subfield code="9">63378</subfield>
    <subfield code="d">2018-12-17</subfield>
    <subfield code="p">38253</subfield>
    <subfield code="r">2018-12-17</subfield>
    <subfield code="w">2018-12-17</subfield>
    <subfield code="y">BK</subfield>
  </datafield>
  <datafield tag="952" ind1=" " ind2=" ">
    <subfield code="0">0</subfield>
    <subfield code="1">0</subfield>
    <subfield code="4">0</subfield>
    <subfield code="7">0</subfield>
    <subfield code="9">63379</subfield>
    <subfield code="d">2018-12-17</subfield>
    <subfield code="p">38254</subfield>
    <subfield code="r">2018-12-17</subfield>
    <subfield code="w">2018-12-17</subfield>
    <subfield code="y">BK</subfield>
  </datafield>
  <datafield tag="952" ind1=" " ind2=" ">
    <subfield code="0">0</subfield>
    <subfield code="1">0</subfield>
    <subfield code="4">0</subfield>
    <subfield code="7">0</subfield>
    <subfield code="9">63380</subfield>
    <subfield code="d">2018-12-17</subfield>
    <subfield code="p">38255</subfield>
    <subfield code="r">2018-12-17</subfield>
    <subfield code="w">2018-12-17</subfield>
    <subfield code="y">BK</subfield>
  </datafield>
</record>
